Basic electrical engineering (Record no. 7166)

000 -LEADER
fixed length control field 00658nam a2200217 4500
001 - CONTROL NUMBER
control field 7166
003 - CONTROL NUMBER IDENTIFIER
control field BD-DhUET
008 - FIXED-LENGTH DATA ELEMENTS--GENERAL INFORMATION
fixed length control field 740521s1975 nyua 001 0 eng
020 ## - INTERNATIONAL STANDARD BOOK NUMBER
International Standard Book Number 0070211523
040 ## - CATALOGING SOURCE
Original cataloging agency DLC
Transcribing agency DLC
Modifying agency BD-DhUET
082 00 - DEWEY DECIMAL CLASSIFICATION NUMBER
Classification number 623
Item number FIT/1975
100 1# - MAIN ENTRY--PERSONAL NAME
Personal name Fitzgerald, A. E.
245 10 - TITLE STATEMENT
Title Basic electrical engineering
Remainder of title circuits,electronics,machines,control
Statement of responsibility, etc. by A. E. Fitzgerald, David E. Higginbotham and Arvin Grabel
250 ## - EDITION STATEMENT
Edition statement 4th ed.
260 ## - PUBLICATION, DISTRIBUTION, ETC. (IMPRINT)
Place of publication, distribution, etc. New York
Name of publisher, distributor, etc. McGraw-Hill
Date of publication, distribution, etc. 1975
300 ## - PHYSICAL DESCRIPTION
Extent xiv, 817 p.
Other physical details illus.
Dimensions 24 cm.
650 #0 - SUBJECT ADDED ENTRY--TOPICAL TERM
Topical term or geographic name as entry element Electricity : Engineering
700 ## - ADDED ENTRY--PERSONAL NAME
Personal name Higginbotham, David E.
700 ## - ADDED ENTRY--PERSONAL NAME
Personal name Grabel, Arvin
942 ## - ADDED ENTRY ELEMENTS (KOHA)
Koha item type General Book
Holdings
Not for loan Date acquired Sublocation or collection (holding branch) Shelving location Koha issues (times borrowed) Price effective from Damaged status Withdrawn status Location (home branch) Koha date last borrowed Koha date last seen Koha item type Koha normalized classification for sorting Koha full call number Piece designation (barcode) Lost status Source of classification or shelving scheme Copy number
 2014-12-07Central Library, BUETCirculation section12014-12-07  Central Library, BUET2018-07-212018-08-04General Book623PIT1975623/PIT/197565364  1
 2015-03-12Central Library, BUETCirculation section 2015-03-12  Central Library, BUET 2015-03-12General Book623_000000000000000_PIT_1975623/PIT/197543309  2
 2015-03-12Central Library, BUETCirculation section 2015-03-12  Central Library, BUET 2015-03-12General Book623_000000000000000_PIT_1975623/PIT/197543314  3
 2015-03-12Central Library, BUETCirculation section 2015-03-12  Central Library, BUET 2015-03-12General Book623_000000000000000_PIT_1975623/PIT/197543676  4
 2015-03-12Central Library, BUETCirculation section 2015-03-12  Central Library, BUET 2015-03-12General Book623_000000000000000_PIT_1975623/PIT/197542843  5
 2015-04-16Central Library, BUETCirculation section 2015-04-16  Central Library, BUET 2015-04-16General Book623_000000000000000_FIT_1975623/FIT/197543308  6
 2015-04-18Central Library, BUETCirculation section 2015-04-18  Central Library, BUET 2015-04-18General Book623_000000000000000_FIT_1975623/FIT/197543316  7
 2015-04-21Central Library, BUETCirculation section 2015-04-21  Central Library, BUET 2015-04-21General Book623_000000000000000_FIT_1975623/FIT/197543310  8
 2015-04-21Central Library, BUETCirculation section 2015-04-21  Central Library, BUET 2015-04-21General Book623_000000000000000_FIT_1975623/FIT/197543677  9
 2015-04-21Central Library, BUETCirculation section 2015-04-21  Central Library, BUET 2015-04-21General Book623_000000000000000_FIT_1975623/FIT/197543313  10
 2015-04-21Central Library, BUETCirculation section 2015-04-21  Central Library, BUET 2015-04-21General Book623_000000000000000_FIT_1975623/FIT/197543307  11
 2015-04-21Central Library, BUETCirculation section 2015-04-21  Central Library, BUET 2015-04-21General Book623_000000000000000_FIT_1975623/FIT/197551101  12
 2015-06-28Central Library, BUETReading section 2015-06-28  Central Library, BUET 2015-06-28Reading Item623_000000000000000_FIT_1975623/FIT/197542841  13
 2015-06-28Central Library, BUETReading section 2015-06-28  Central Library, BUET 2015-06-28Reading Item623_000000000000000_FIT_1975623/FIT/197542840  14
 2015-06-28Central Library, BUETReading section 2015-06-28  Central Library, BUET 2015-06-28Reading Item623_000000000000000_FIT_1975623/FIT/197543679  15